000
00313nam a2200109Ia 4500
008
171211s9999 xx 000 0 und d
245
4
_a
The Tax Law of Colleges and Universities
245
_c
Bertrand M. Harding Jr.
260
_c
2007
650
_x
BUSINESS
856
_u
http://down.ebook777.com/063/0470146095.pdf
999
_c
349475
_d
349475